Word Ladder: E-commerce 'Friend' Quiz Stats

Quiz Updated Aug 30, 2016

Challenge
Share
Tweet
Embed
Score 0/20 Timer 02:00
0 Plays Today
Clue 3-Letter Word % Correct
To take care of a billPAY
99.1%
To purchase somethingBUY
97.7%
A child's playthingTOY
97.5%
A male adolescentBOY
97%
2,000 lbs. TON
97%
Another term for a firearmGUN
96.9%
To move with a quickened paceRUN
96.1%
Long-tailed rodentRAT
96%
Fawkes the UK historical terroristGUY
94.5%
Fictional newscaster BurgundyRON
93.6%
Clue 3-Letter Word % Correct
A service costFEE
93.1%
'Wheel of Fortune' host SajakPAT
91.7%
'Oh, Pretty Woman' singer OrbisonROY
91.4%
Sci-Fi writer BradburyRAY
91.4%
Buddy PAL
91%
Golfball or baseball supporterTEE
90.9%
SNL's 'Sarah Palin' portrayer FEY
90.7%
To inquire into private mattersPRY
89.3%
Seminal 1991 Grunge album, Pearl Jam's '___'TEN
88.9%
'Futurama' slacker PhilipFRY
86.1%

Today's Daily Dose

Missing Word
1971 Movies A-Z

Word Ladder
Complete Tour

Quick Pick
Logo Colors

On This Day
January 19th

You're not logged in!

Compare scores with friends on all Sporcle quizzes.
Sign Up with Email
OR
Log In

You Might Also Like...

Show Comments

Extras

Top Quizzes Today


Score Distribution

Your Account Isn't Verified!

In order to create a playlist on Sporcle, you need to verify the email address you used during registration. Go to your Sporcle Settings to finish the process.